00513nam a2200193Ia 4500003000400000005001700004008004100021040001800062041000800080082002500088100002000113245006200133250001200195260004300207300003000250650001400280650001200294650001300306OSt20250129114909.0210716s1991 xx 000 0 und d cAIMIT LIBRARY aeng a006.620288 21bGROM aGross, Michael. aNorton utilities 5 instant reference /cBy Michael Gross. a1st ed. aNew Delhi :bBPB Publications ,c1991. axiii,162p. ;bPBc21.5 cm aPrintchar aDiskmon aFilefind